I Cosacchi ; La cedola falsa /

সংরক্ষণ করুন:
গ্রন্থ-পঞ্জীর বিবরন
প্রধান লেখক: Tolstoj, Lev Nikolaevič (লেখক)
বিন্যাস: গ্রন্থ
ভাষা:ইতালিয়
প্রকাশিত: Milano : Club degli Editori, stampa 1974
মালা:I grandi romanzi d'azione ; 15
ট্যাগগুলো: ট্যাগ যুক্ত করুন
কোনো ট্যাগ নেই, প্রথমজন হিসাবে ট্যাগ করুন!

MARC

LEADER 00000nam a22000007i 4500
001 IT\ICCU\RAV\0226632
003 ItRI
005 20250317214802.0
008 931030s1974 it |||||| ||||| |||||c
040 |b ita  |c ARCIGAY RIMINI 
041 7 |a ita  |2 ISO-639-2 
100 1 |a Tolstoj, Lev Nikolaevič  |0 IT\ICCU\CFIV\010449  |4 aut 
245 1 2 |a I Cosacchi ; La cedola falsa /  |c Lev Tolstoi. 
260 |a Milano :  |b Club degli Editori,  |c stampa 1974 
300 |a 301 p. ;  |c 21 cm. 
830 2 |a I grandi romanzi d'azione ;  |v 15  |0 IT\ICCU\RAV\0085605 
942 |2 ddc  |c BK 
952 |0 0  |1 0  |2 ddc  |4 0  |6 891_700000000000000_TOL_COS  |7 1  |9 3696  |a RN  |b RN  |d 2025-03-17  |l 0  |o 891.7 TOL COS  |p 10955  |r 2025-03-17 21:48:31  |w 2025-03-17  |x DONAZIONE DI MARINA MAGGIOLI  |y BK  |z DONAZIONE DI MARINA MAGGIOLI 
981 1 |6 z01  |a i   |b xxxe  
982 1 |6 z01  |a n 
999 |c 2885  |d 2885